Talpa, or, The chronicles of a clay farm (Record no. 113941)

MARC details
000 -LEADER
fixed length control field 00581cam a22001935a 4500
001 - CONTROL NUMBER
control field L155954
008 - FIXED-LENGTH DATA ELEMENTS--GENERAL INFORMATION
fixed length control field 120423s1865 xxk f 000 0 eng d
035 ## - SYSTEM CONTROL NUMBER
System control number (Sirsi) u155954
041 0# - LANGUAGE CODE
Language code of text/sound track or separate title eng
100 1# - MAIN ENTRY--PERSONAL NAME
Personal name Hoskyns, Chandos Wren
Dates associated with a name 1812-1876
245 00 - TITLE STATEMENT
Title Talpa, or, The chronicles of a clay farm
Remainder of title an agricultural fragment
250 ## - EDITION STATEMENT
Edition statement 6th ed.
260 ## - PUBLICATION, DISTRIBUTION, ETC.
Place of publication, distribution, etc. London
Name of publisher, distributor, etc. Longmans, Green, & Co.
Date of publication, distribution, etc. 1865
300 ## - PHYSICAL DESCRIPTION
Extent viii, 245 p.
Other physical details ill.
Dimensions 18 cm.
583 ## - ACTION NOTE
Action Condition reviewed
Time/date of action 20120620
Status condition level 1
651 #4 - SUBJECT ADDED ENTRY--GEOGRAPHIC NAME
Geographic name Great Britain
Chronological subdivision 1707-
690 ## - LOCAL SUBJECT ADDED ENTRY--TOPICAL TERM (OCLC, RLIN)
Topical term or geographic name as entry element Rural
9 (RLIN) 6268
942 ## - ADDED ENTRY ELEMENTS (KOHA)
Suppress in OPAC 0
Holdings
Withdrawn status Lost status Damaged status Not for loan Home library Current library Shelving location Date acquired Total Checkouts Full call number Barcode Date last seen Copy number Price effective from Koha item type
        Historic collection Historic collection Historic collection 23/04/2012   AGRICULTURE OCTAVO 1865 HOSKYNS 30077857 20/08/2025 1 06/08/2019 Book